| 000 | 01333cam a2200361 a 4500 | ||
|---|---|---|---|
| 003 | CO-BoRNBP | ||
| 005 | 20230328201850.0 | ||
| 007 | ta | ||
| 008 | 020128s2001 ck a r 00010dspa d | ||
| 020 | _a9588160073 | ||
| 040 |
_aCO-BoRNBP _bspa _erda _cCO-BoRNBP |
||
| 041 | 0 | _aspa | |
| 043 | _as-ck--- | ||
| 082 | 0 | 4 |
_a741.986 _bS65s |
| 245 | 0 | 0 |
_aSólo dibujo _ccuraduría Luis Cantillo ; revisión Stella De Feferbaum ; fotografía Bibiana Cossio, Camilo Gómez, Andrés Lejona ; edición Benjamín Villegas. |
| 250 | _a1a. edición | ||
| 264 |
_aBogotá _bVillegas Editores _c2001 |
||
| 300 |
_a126 páginas _bilustraciones _c21 cm. |
||
| 336 |
_atexto _btxt _2rdacontent |
||
| 337 |
_asin mediación _bn _2rdamedia |
||
| 338 |
_avolumen _bnc _2rdacarrier |
||
| 490 | _aVillegas artes plásticas | ||
| 650 | 1 | 4 |
_aDibujos colombianos _vExposiciones _2LEMB _9589 |
| 650 | 1 | 4 |
_aPintura colombiana _vExposiciones _2LEMB _9590 |
| 650 | 1 | 4 |
_aPintores colombianos _xTrabajos pictóricos _vColecciones _2LEMB _9591 |
| 700 | 1 | 0 |
_aCantillo, Luis _d1976- _9592 |
| 700 | 1 | 0 |
_aDe Feferbaum, Stella _9593 |
| 700 | 1 | 0 |
_aCossio, Bibiana, _eilustradora _9594 |
| 700 | 1 | 0 |
_aGómez, Camilo _d1959-, _eilustrador _9595 |
| 700 | 1 | 0 |
_aLejona, Andrés, _eilustrador _9596 |
| 700 | 1 | 0 |
_aVillegas, Benjamín _d1948- _eeditor _9597 |
| 942 |
_2ddc _cBK |
||
| 999 |
_c9277 _d9277 |
||